[Event "18th Delhi GM Open 2020"]
[Site "Delhi"]
[Date "2020.01.12"]
[Round "5.26"]
[White "Vasquez Schroeder, Rodrigo"]
[Black "Masango, Spencer"]
[Result "1-0"]
[WhiteElo "2487"]
[BlackElo "2173"]
[Annotator "TA"]
[PlyCount "53"]
[EventDate "2020.01.09"]
[EventType "swiss"]
[EventCountry "IND"]
[SourceTitle "playchess.com"]
[Source "ChessBase"]
[SourceQuality "1"]

{[%evp 13,53,8,20,2,28,28,25,39,48,40,51,40,75,70,84,41,43,41,57,32,78,32,38,28,37,25,82,87,81,64,118,76,100,108,283,276,278,266,562,540,570,562]} 1. d4 d5 2. c4 c6 3. Nf3 Nf6 4. e3 g6 5. Bd3 Bg7 6. O-O O-O 7. Nbd2 Nbd7 8. h3 {D70: Grünfeld: Unusual White 3rd moves (met by ...d5)} (8. b3 b6 9. a4 a5 10. e4 dxe4 11. Nxe4 Bb7 12. Bb2 c5 13. Re1 Rc8 14. Qe2 cxd4 15. Bxd4 Nc5 16. Bxc5 bxc5 {1-0 (59) Nakamura,H (2785)-Caruana,F (2808) Stavanger 2017}) 8... Re8 9. cxd5 cxd5 $146 ({Predecessor:} 9... Nxd5 10. Nc4 c5 11. Nce5 Nxe5 12. Nxe5 cxd4 13. exd4 Be6 {1-0 (60) Lematschko,T (2285)-Von Allmen,A (2160) Switzerland 1994}) 10. b3 {[%cal Bb2b3,Bb3b4][%mdl 32] White has an edge.} Qa5 11. Bb2 b5 12. a3 Bb7 13. b4 Qb6 14. Qe2 a6 $1 15. Nb3 Ne4 16. Nc5 Ndf6 17. Nd2 Nd6 18. Rfb1 Nc4 19. Bc3 e5 {[#]} (19... Qc7 $11 {remains equal.}) 20. dxe5 $1 $16 ({Don't play} 20. Nxb7 Qxb7 21. Nb3 (21. Bxc4 dxc4 22. dxe5 Nd5 $17) 21... Qc7 $11) 20... Nxe5 21. Ndb3 Re7 ({Better is} 21... Ne4 $14 22. Bxe4 dxe4) 22. Na5 Bc6 23. Bd4 $36 {[%mdl 2048] Hoping for Ncb3. White is really pushing.} Nc4 $2 (23... Qc7 $16) 24. Bxc4 dxc4 {[#]} 25. Ne6 $1 {[%mdl 512]} Rxe6 $2 (25... Qxa5 {was called for.} 26. bxa5 Rxe6) 26. Bxb6 $18 Be4 27. Bd4 {Accuracy: White = 57%, Black = 26%.} 1-0

[Event "18th Delhi GM Open 2020"]
[Site "Delhi"]
[Date "2020.01.12"]
[Round "5.27"]
[White "Kiran, Manisha Mohanty"]
[Black "Vishnu Prasanna. V"]
[Result "1/2-1/2"]
[WhiteElo "2133"]
[BlackElo "2474"]
[Annotator "TA"]
[PlyCount "61"]
[EventDate "2020.01.09"]
[EventType "swiss"]
[EventCountry "IND"]
[SourceTitle "playchess.com"]
[Source "ChessBase"]
[SourceQuality "1"]

{[%evp 11,61,25,28,13,27,28,21,28,33,35,60,0,96,100,95,93,109,104,102,101,133,116,109,100,107,97,113,78,197,161,193,202,181,192,164,170,164,158,251,257,250,0,115,0,254,0,0,0,242,0,0,0]} 1. e4 c5 2. Nf3 d6 3. d4 cxd4 4. Nxd4 Nf6 5. Nc3 a6 6. Bg5 Nbd7 7. Qe2 {B94: Sicilian Najdorf: 6 Bg5 Nbd7} (7. f4 Qc7 8. Qf3 g6 9. O-O-O Bg7 10. Be2 h6 11. Bh4 Nb6 12. h3 Bd7 13. Rhe1 Bc6 14. Nxc6 bxc6 15. Bxf6 exf6 {½-½ (69) Sjugirov,S (2661)-Artemiev,V (2754) Sochi 2019}) 7... h6 8. Bh4 b5 9. O-O-O Bb7 10. f4 $1 {Strongly threatening e5.} e5 {...g5! is the strong threat.} 11. Nf3 $146 (11. Nf5 $14) ({Predecessor:} 11. Nf5 Qb6 12. Kb1 Rc8 13. Qd2 Rxc3 14. Qxc3 Nxe4 {½-½ (31) Petersons,I (2318)-Lakudas,A (2391) ICCF email 2013}) 11... exf4 {[#]} (11... Qa5 $11 {keeps the balance.}) 12. e5 $1 $36 {[%cal Re5f6][%mdl 2048] White is on the roll.} Bxf3 13. Qxf3 Nxe5 14. Bxf6 $1 gxf6 15. Qxf4 f5 16. h4 Rc8 17. Nd5 Bg7 18. Qxf5 Rc5 19. Rh3 Qc8 (19... O-O $16) 20. Qxc8+ $18 Rxc8 21. Ra3 Nc4 22. Bxc4 ({Much less strong is} 22. Rxa6 $6 Bxb2+ 23. Kb1 Be5 $16) 22... Rxc4 23. Rxa6 {[#] aiming for Re1+.} O-O 24. Rxd6 Re8 (24... Rxh4 $16 25. Rb6 Rh2) 25. g3 Re2 26. Rd2 Re1+ 27. Rd1 Re2 $1 28. Rd2 Re1+ 29. Rd1 Re2 $1 30. Rd2 $2 (30. c3 $18) 30... Re1+ $11 31. Rd1 {Accuracy: White = 68%, Black = 66%.} 1/2-1/2

[Event "18th Delhi GM Open 2020"]
[Site "Delhi"]
[Date "2020.01.12"]
[Round "6.1"]
[White "Karthik Venkataraman"]
[Black "Aleksandrov, Aleksej"]
[Result "0-1"]
[WhiteElo "2479"]
[BlackElo "2592"]
[Annotator "ChessBase"]
[PlyCount "136"]
[EventDate "2020.01.09"]
[EventType "swiss"]
[EventCountry "IND"]
[SourceTitle "playchess.com"]
[Source "ChessBase"]
[SourceQuality "1"]
[TimeControl "5400+30"]

1. e4 {[%emt 0:00:00]} e5 {[%emt 0:00:09]} 2. Nf3 {[%emt 0:00:00]} Nc6 {[%emt 0:00:03]} 3. Bb5 {[%emt 0:00:00]} Nf6 {[%emt 0:00:05]} 4. d3 {[%emt 0:00:00]} Bc5 {[%emt 0:00:51]} 5. Bxc6 {[%emt 0:00:00]} dxc6 {[%emt 0:00:06]} 6. Nbd2 {[%emt 0:00:01]} Be6 {[%emt 0:00:48]} 7. Nb3 {[%emt 0:01:38]} Bd6 {[%emt 0:08:32]} 8. O-O {[%emt 0:01:45]} Qe7 {[%emt 0:02:27]} 9. Na5 {[%emt 0:03:21]} O-O-O {[%emt 0:05:22]} 10. a3 {[%emt 0:01:16]} c5 {[%emt 0:11:05]} 11. Be3 {[%emt 0:02:27]} Nd7 {[%emt 0:16:34]} 12. b4 {[%emt 0:07:18]} Nb6 {[%emt 0:05:10]} 13. c4 {[%emt 0:03:01]} cxb4 {[%emt 0:00:06]} 14. Qc2 {[%emt 0:09:50]} b3 {[%emt 0:04:00]} 15. Nxb3 {[%emt 0:00:40]} c5 {[%emt 0:09:23]} 16. Nfd2 {[%emt 0:04:16]} Kd7 {[%emt 0:02:19]} 17. Nb1 {[%emt 0:01:38]} Rc8 {[%emt 0:00:55]} 18. Nc3 {[%emt 0:00:05]} Rhd8 {[%emt 0:06:43]} 19. Rab1 {[%emt 0:01:57]} Ke8 {[%emt 0:00:51]} 20. Nd2 {[%emt 0:15:10]} Qd7 {[%emt 0:06:13]} 21. Rfd1 {[%emt 0:00:43]} Kf8 {[%emt 0:00:52]} 22. Qb3 {[%emt 0:01:46]} Rb8 {[%emt 0:01:05]} 23. Nb5 {[%emt 0:07:39]} Ra8 24. Nf1 {[%emt 0:01:12]} Kg8 {[%emt 0:03:59]} 25. a4 {[%emt 0:01:53]} Bf8 {[%emt 0:00:32]} 26. Nc3 {[%emt 0:00:26]} Rab8 {[%emt 0:00:29]} 27. Qa3 {[%emt 0:03:40]} Qc6 {[%emt 0:02:05]} 28. Nb5 {[%emt 0:03:56]} Ra8 {[%emt 0:01:13]} 29. Qb3 {[%emt 0:00:57]} Rd7 {[%emt 0:00:54]} 30. Rd2 {[%emt 0:00:10]} Nc8 {[%emt 0:02:15]} 31. Nc3 {[%emt 0:00:18]} Ne7 {[%emt 0:00:44]} 32. Nd5 {[%emt 0:01:27]} Qd6 {[%emt 0:01:49]} 33. Qc3 {[%emt 0:01:59]} Nc6 {[%emt 0:00:34]} 34. Rb5 {[%emt 0:01:44]} Nd4 {[%emt 0:00:42]} 35. Bxd4 {[%emt 0:00:59]} cxd4 {[%emt 0:01:47]} 36. Qb3 {[%emt 0:00:11]} Rb8 {[%emt 0:01:17]} 37. Rb2 {[%emt 0:00:10]} f6 {[%emt 0:01:34]} 38. Ng3 {[%emt 0:00:11]} Rf7 {[%emt 0:00:52]} 39. a5 {[%emt 0:01:55]} Bd7 {[%emt 0:02:20]} 40. Nf5 {[%emt 0:07:36]} Qa6 {[%emt 0:00:51]} 41. Nc7 {[%emt 0:00:09]} Qc6 {[%emt 0:00:05]} 42. Nd5 {[%emt 0:05:56]} Qc8 {[%emt 0:01:12]} 43. c5 {[%emt 0:01:59]} Qd8 {[%emt 0:00:12]} 44. a6 {[%emt 0:00:01]} Bc6 {[%emt 0:01:29]} 45. Qc4 {[%emt 0:00:23]} g6 {[%emt 0:00:43]} 46. Ng3 {[%emt 0:00:34]} Bxb5 {[%emt 0:00:56]} 47. Qxb5 {[%emt 0:00:01]} b6 {[%emt 0:00:20]} 48. cxb6 {[%emt 0:01:01]} axb6 {[%emt 0:00:04]} 49. Qc6 {[%emt 0:04:22]} Kg7 {[%emt 0:00:29]} 50. h4 {[%emt 0:01:54]} Qd6 {[%emt 0:00:29]} 51. Qb5 {[%emt 0:00:19]} Qc5 {[%emt 0:00:17]} 52. Qb3 {[%emt 0:00:02]} Qa3 {[%emt 0:00:12]} 53. Qb5 {[%emt 0:00:14]} Qc5 {[%emt 0:00:32]} 54. Qb3 {[%emt 0:00:04]} Qa3 {[%emt 0:01:05]} 55. Qb5 {[%emt 0:00:17]} Ra8 {[%emt 0:00:21]} 56. Nxb6 {[%emt 0:01:11]} Rxa6 {[%emt 0:00:15]} 57. Nc4 {[%emt 0:00:57]} Qa4 {[%emt 0:00:07]} 58. Qd5 {[%emt 0:00:06]} Qd1+ {[%emt 0:00:33]} 59. Kh2 {[%emt 0:00:26]} Qg4 {[%emt 0:01:01]} 60. Rb7 {[%emt 0:00:07]} Qxh4+ {[%emt 0:00:30]} 61. Kg1 {[%emt 0:00:03]} Ra1+ {[%emt 0:00:04]} 62. Nf1 {[%emt 0:00:02]} Rxb7 {[%emt 0:00:07]} 63. Qxb7+ {[%emt 0:00:02]} Kh6 {[%emt 0:00:11]} 64. Qf7 {[%emt 0:00:13]} Bb4 {[%emt 0:00:09]} 65. Qb7 {[%emt 0:00:03]} Be1 {[%emt 0:00:18]} 66. Qb2 {[%emt 0:00:21]} Bc3 {[%emt 0:00:30]} 67. Qe2 {[%emt 0:00:09]} Qh5 {[%emt 0:00:32]} 68. f3 {[%emt 0:00:11]} Qh4 {[%emt 0:00:09]} 0-1

[Event "18th Delhi GM Open 2020"]
[Site "Delhi"]
[Date "2020.01.12"]
[Round "6.2"]
[White "Martinez Alcantara, Jose Eduardo"]
[Black "Krishna C R G"]
[Result "1-0"]
[WhiteElo "2606"]
[BlackElo "2436"]
[Annotator "ChessBase"]
[PlyCount "54"]
[EventDate "2020.01.09"]
[EventType "swiss"]
[EventCountry "IND"]
[SourceTitle "playchess.com"]
[Source "ChessBase"]
[SourceQuality "1"]
[TimeControl "5400+30"]

1. e4 {[%emt 0:00:00]} e6 {[%emt 0:00:00]} 2. d4 {[%emt 0:00:00]} d5 {[%emt 0:00:00]} 3. Nc3 {[%emt 0:00:00]} Bb4 {[%emt 0:00:00]} 4. e5 {[%emt 0:00:00]} c5 {[%emt 0:00:00]} 5. a3 {[%emt 0:00:00]} Bxc3+ {[%emt 0:00:00]} 6. bxc3 {[%emt 0:00:00]} Ne7 {[%emt 0:00:37]} 7. a4 {[%emt 0:00:02]} Nbc6 {[%emt 0:09:55]} 8. Nf3 {[%emt 0:00:30]} O-O {[%emt 0:01:18]} 9. Bd3 {[%emt 0:08:04]} f6 {[%emt 0:00:54]} 10. h4 {[%emt 0:07:18]} c4 {[%emt 0:05:26]} 11. Be2 {[%emt 0:12:01]} Bd7 {[%emt 0:13:10]} 12. exf6 {[%emt 0:04:58]} gxf6 {[%emt 0:00:11]} 13. Ba3 {[%emt 0:04:33]} Qc7 {[%emt 0:05:13]} 14. Qd2 {[%emt 0:06:10]} Rf7 {[%emt 0:00:08]} 15. h5 {[%emt 0:09:14]} Kh8 {[%emt 0:05:01]} 16. Nh4 {[%emt 0:07:51]} Rg7 {[%emt 0:00:39]} 17. f4 {[%emt 0:02:47]} a6 {[%emt 0:12:23]} 18. g4 {[%emt 0:05:10]} b5 {[%emt 0:11:38]} 19. Qe3 {[%emt 0:03:33]} Re8 {[%emt 0:08:21]} 20. Bc5 {[%emt 0:04:06]} Qa5 {[%emt 0:08:14]} 21. Qd2 {[%emt 0:08:10]} Reg8 {[%emt 0:03:33]} 22. Kd1 {[%emt 0:07:02]} Re8 {[%emt 0:06:34]} 23. g5 {[%emt 0:00:49]} fxg5 {[%emt 0:05:12]} 24. fxg5 {[%emt 0:00:01]} Nf5 {[%emt 0:00:51]} 25. h6 {[%emt 0:00:40]} Rgg8 {[%emt 0:00:05]} 26. Nxf5 {[%emt 0:00:47]} exf5 {[%emt 0:00:02]} 27. Bf3 {[%emt 0:00:11]} Qd8 {[%emt 0:04:05] Ke2} 1-0

[Event "18th Delhi GM Open 2020"]
[Site "Delhi"]
[Date "2020.01.12"]
[Round "6.3"]
[White "Amonatov, Farrukh"]
[Black "Neverov, Valeriy"]
[Result "1/2-1/2"]
[WhiteElo "2631"]
[BlackElo "2460"]
[Annotator "TA"]
[PlyCount "71"]
[EventDate "2020.01.09"]
[EventType "swiss"]
[EventCountry "IND"]
[SourceTitle "playchess.com"]
[Source "ChessBase"]
[SourceQuality "1"]

{[%evp 12,71,24,18,37,18,35,0,0,0,26,10,14,13,9,17,16,15,35,25,45,42,30,29,34,14,40,33,35,0,0,0,0,0,0,0,0,0,0,0,0,6,47,56,39,0,0,0,0,0,0,0,0,0,0,0,0,-29987,0,-1159,1166,-8]} 1. e4 c5 2. Nf3 d6 3. d4 cxd4 4. Nxd4 Nf6 5. Nc3 a6 6. h3 e5 7. Nde2 h5 {B90: Sicilian Najdorf: Unusual White 6th moves, 6 Be3 Ng4 and 6 Be3 e5} 8. Bg5 $146 (8. Be3 Be6 9. g3 Nbd7 10. a4 Be7 11. Bg2 Rc8 12. a5 O-O 13. O-O Nc5 14. f4 exf4 15. gxf4 {1-0 (30) Ponkratov,P (2632)-Nepomniachtchi,I (2767) Moscow 2019}) 8... Be7 9. Bxf6 Bxf6 {The position is equal.} 10. Nd5 Nc6 11. Nec3 Be6 12. Bc4 Bg5 13. O-O g6 14. Bb3 Na5 15. Qd3 Nxb3 16. axb3 O-O 17. Rad1 Rc8 18. Ne3 Bxe3 19. Qxe3 b5 20. b4 Rc4 21. f4 exf4 $1 22. Qxf4 Qb6+ 23. Kh1 Rxb4 24. Rxd6 Qc5 25. b3 Rd4 ({But not} 25... Qxc3 $6 26. Rxe6 $1 {[%mdl 512]} Qg7 27. Rxa6 $16) 26. Rxa6 b4 27. Ne2 Rdd8 {And now ...Qb5 would win.} 28. Ng3 Qxc2 29. Nxh5 Rd1 $1 {[%cal Rd1f1] Threatens to win with ...Rxf1+.} 30. Nf6+ Kg7 31. Nh5+ Kg8 $1 {aiming for ...Rxf1+.} 32. Nf6+ $40 {[%mdl 128] White is up to no good.} Kg7 33. Ra1 Rxa1 34. Rd1 $2 {[%mdl 8192]} (34. Rxa1 $11 Qxb3 35. Nh5+ gxh5 36. Qg5+ {[%mdl 64] Double Attack} Kh7 37. Qxh5+ Kg8 38. Qg5+ Kh7 39. Qh5+ Kg8 40. Qg5+ Kh7 41. Qh5+) 34... Rb1 $2 {[#]} (34... Qxd1+ {mates} 35. Kh2 Rb1 36. Qf3 Qg1+ 37. Kg3 Rxb3 38. Qxb3 Bxb3 39. Ng4 f5 $1 {[%mdl 512]} 40. Ne5 fxe4 41. Ng4 Rf3+ 42. Kh4 Qxg2 43. Kg5 Qxh3 44. Ne5 Qh5#) 35. Rxb1 $4 {[%mdl 8192]} (35. Nh5+ $1 $11 {[%mdl 512]} Kh7 (35... gxh5 36. Qg5+) 36. Nf6+ Kg7 37. Nh5+ $1 {[%mdl 512]} gxh5 38. Qg5+ {[%mdl 64] Double Attack} Kh8 39. Qxh5+ Kg8 40. Qg5+ Kh8 41. Qh5+ Kg8 42. Qg5+ Kh8 43. Qh5+) 35... Qxb3 $4 {[%mdl 8192] [#]} (35... Qxb1+ $19 36. Kh2 Qb2) 36. Ra1 $2 {Accuracy: White = 61%, Black = 51%.} (36. Nh5+ $1 $18 {[%mdl 512]} Kh7 (36... gxh5 37. Rxb3) 37. Rxb3 Bxb3 38. Qd6) 1/2-1/2

[Event "18th Delhi GM Open 2020"]
[Site "Delhi"]
[Date "2020.01.12"]
[Round "6.4"]
[White "Gupta, Abhijeet"]
[Black "Shyaamnikhil P"]
[Result "1/2-1/2"]
[WhiteElo "2603"]
[BlackElo "2458"]
[Annotator "ChessBase"]
[PlyCount "121"]
[EventDate "2020.01.09"]
[EventType "swiss"]
[EventCountry "IND"]
[SourceTitle "playchess.com"]
[Source "ChessBase"]
[SourceQuality "1"]
[TimeControl "5400+30"]

1. d4 {[%emt 0:00:00]} Nf6 {[%emt 0:00:00]} 2. c4 {[%emt 0:00:00]} e6 3. Nf3 {[%emt 0:00:00]} Bb4+ {[%emt 0:00:28]} 4. Nbd2 {[%emt 0:00:00]} O-O {[%emt 0:00:16]} 5. g3 {[%emt 0:00:23]} b6 {[%emt 0:03:32]} 6. Bg2 {[%emt 0:00:21]} Bb7 {[%emt 0:00:08]} 7. O-O {[%emt 0:00:06]} Re8 {[%emt 0:03:24]} 8. Qc2 {[%emt 0:02:29]} Bxd2 {[%emt 0:14:08]} 9. Bxd2 {[%emt 0:01:04]} Be4 {[%emt 0:00:10]} 10. Qc1 {[%emt 0:00:43]} Nc6 {[%emt 0:01:11]} 11. Bc3 {[%emt 0:01:00]} Ne7 {[%emt 0:05:52]} 12. d5 {[%emt 0:04:52]} Ng6 {[%emt 0:08:11]} 13. dxe6 {[%emt 0:02:49]} fxe6 {[%emt 0:00:38]} 14. Qe3 {[%emt 0:05:52]} e5 {[%emt 0:02:04]} 15. Rad1 {[%emt 0:00:58]} d6 {[%emt 0:02:57]} 16. Bh3 {[%emt 0:00:36]} Bc6 {[%emt 0:03:25]} 17. Ng5 {[%emt 0:02:41]} Nf8 {[%emt 0:04:40]} 18. f4 {[%emt 0:06:23]} exf4 {[%emt 0:02:58]} 19. Qxf4 {[%emt 0:01:08]} h6 {[%emt 0:00:21]} 20. Nf3 {[%emt 0:03:36]} Ng6 {[%emt 0:03:31]} 21. Qc1 {[%emt 0:02:46]} Ne4 {[%emt 0:03:32]} 22. Nd4 {[%emt 0:02:16]} Bd7 {[%emt 0:06:52]} 23. Bg2 {[%emt 0:00:10]} Rb8 {[%emt 0:01:24]} 24. Qc2 {[%emt 0:09:37]} Qg5 {[%emt 0:03:39]} 25. Be1 {[%emt 0:07:48]} Re7 {[%emt 0:01:32]} 26. Nf3 {[%emt 0:02:04]} Qe3+ {[%emt 0:06:15]} 27. Kh1 {[%emt 0:01:21]} Rf8 {[%emt 0:04:58]} 28. b4 {[%emt 0:05:09]} Qa3 {[%emt 0:00:39]} 29. Rd3 Qa6 {[%emt 0:00:30]} 30. Kg1 {[%emt 0:02:04]} Qc8 {[%emt 0:02:11]} 31. Re3 {[%emt 0:01:18]} Qe8 {[%emt 0:00:10]} 32. Nd4 {[%emt 0:08:22]} Rxf1+ {[%emt 0:00:34]} 33. Kxf1 {[%emt 0:01:00]} Nf6 {[%emt 0:04:20]} 34. Rxe7 {[%emt 0:03:11]} Nxe7 {[%emt 0:00:05]} 35. c5 {[%emt 0:03:55]} dxc5 {[%emt 0:03:05]} 36. bxc5 {[%emt 0:00:04]} Qh5 {[%emt 0:01:18]} 37. cxb6 {[%emt 0:05:22]} cxb6 {[%emt 0:00:05]} 38. Kg1 {[%emt 0:01:27]} Bh3 {[%emt 0:01:26]} 39. Bf3 {[%emt 0:04:37]} Qe5 {[%emt 0:00:11]} 40. Qd3 {[%emt 0:03:32]} Qc5 {[%emt 0:03:07]} 41. Qc3 {[%emt 0:01:36]} Qe5 {[%emt 0:00:34]} 42. Qd3 {[%emt 0:04:17]} Qc5 {[%emt 0:00:06]} 43. e3 {[%emt 0:00:49]} Kh8 {[%emt 0:01:54]} 44. Bd2 {[%emt 0:00:41]} Qe5 {[%emt 0:02:31]} 45. e4 {[%emt 0:00:48]} Ng6 {[%emt 0:00:39]} 46. Bc3 {[%emt 0:02:04]} Qc5 {[%emt 0:00:09]} 47. Bb2 {[%emt 0:01:01]} Ne5 {[%emt 0:00:22]} 48. Qe2 {[%emt 0:00:43]} Nxf3+ {[%emt 0:01:07]} 49. Qxf3 {[%emt 0:00:01]} Qe5 {[%emt 0:00:08]} 50. Qf4 {[%emt 0:00:43]} Qxe4 {[%emt 0:00:49]} 51. Qxe4 {[%emt 0:00:25]} Nxe4 {[%emt 0:00:06]} 52. Nb5 {[%emt 0:00:20]} Bd7 {[%emt 0:00:50]} 53. Nxa7 {[%emt 0:00:27]} Kg8 {[%emt 0:00:38]} 54. Kg2 {[%emt 0:00:07]} Kf7 {[%emt 0:00:36]} 55. Kf3 {[%emt 0:00:04]} Nd2+ {[%emt 0:00:08]} 56. Ke2 {[%emt 0:00:11]} Nc4 {[%emt 0:00:10]} 57. Bd4 {[%emt 0:00:06]} Na3 {[%emt 0:02:24]} 58. Bxb6 {[%emt 0:00:26]} h5 {[%emt 0:00:18]} 59. Kd3 {[%emt 0:00:19]} Ke6 {[%emt 0:00:37]} 60. Kd4 {[%emt 0:00:39]} Nb5+ {[%emt 0:00:07]} 61. Ke4 {[%emt 0:01:39] Ke5+} 1/2-1/2

[Event "18th Delhi GM Open 2020"]
[Site "Delhi"]
[Date "2020.01.12"]
[Round "6.5"]
[White "Lugovskoy, Maxim"]
[Black "Pantsulaia, Levan"]
[Result "1-0"]
[WhiteElo "2453"]
[BlackElo "2598"]
[Annotator "ChessBase"]
[PlyCount "53"]
[EventDate "2020.01.09"]
[EventType "swiss"]
[EventCountry "IND"]
[SourceTitle "playchess.com"]
[Source "ChessBase"]
[SourceQuality "1"]
[TimeControl "5400+30"]

1. e4 {[%emt 0:00:00]} c5 {[%emt 0:00:00]} 2. Nf3 {[%emt 0:00:00]} e6 {[%emt 0:00:00]} 3. c3 {[%emt 0:00:00]} Nf6 {[%emt 0:00:04]} 4. e5 {[%emt 0:00:00]} Nd5 {[%emt 0:00:07]} 5. d4 {[%emt 0:00:00]} cxd4 {[%emt 0:00:08]} 6. cxd4 {[%emt 0:00:02]} Qc7 {[%emt 0:00:05]} 7. Bd2 {[%emt 0:01:19]} b6 {[%emt 0:00:15]} 8. Nc3 {[%emt 0:00:06]} Nxc3 {[%emt 0:00:09]} 9. bxc3 {[%emt 0:04:51]} Be7 {[%emt 0:03:13]} 10. Bd3 {[%emt 0:01:38]} Ba6 {[%emt 0:04:43]} 11. c4 {[%emt 0:02:10]} Bxc4 {[%emt 0:04:50]} 12. Rc1 {[%emt 0:01:01]} b5 {[%emt 0:00:07]} 13. O-O {[%emt 0:03:56]} O-O {[%emt 0:19:12]} 14. Ng5 {[%emt 0:04:08]} Bxg5 {[%emt 0:36:36]} 15. Bxg5 {[%emt 0:00:12]} Qb7 {[%emt 0:01:05]} 16. Rxc4 {[%emt 0:08:28]} bxc4 {[%emt 0:00:13]} 17. Bf6 {[%emt 0:00:11]} gxf6 {[%emt 0:03:14]} 18. exf6 {[%emt 0:01:44]} Kh8 {[%emt 0:01:26]} 19. Bxh7 {[%emt 0:00:06]} Rg8 {[%emt 0:06:45]} 20. Bxg8 {[%emt 0:00:54]} Qe4 {[%emt 0:00:05]} 21. Bxf7 {[%emt 0:05:02]} Qf5 {[%emt 0:00:27]} 22. d5 {[%emt 0:01:33]} Qxf6 {[%emt 0:01:05]} 23. dxe6 {[%emt 0:01:18]} dxe6 {[%emt 0:00:13]} 24. Bxe6 {[%emt 0:00:48]} Qxe6 {[%emt 0:01:31]} 25. Re1 {[%emt 0:00:05]} Qf6 {[%emt 0:04:35]} 26. Qh5+ {[%emt 0:00:05]} Kg7 {[%emt 0:00:17]} 27. Qg4+ {[%emt 0:00:03]} 1-0

[Event "18th Delhi GM Open 2020"]
[Site "Delhi"]
[Date "2020.01.12"]
[Round "6.6"]
[White "Rozum, Ivan"]
[Black "Hesham, Abdelrahman"]
[Result "1-0"]
[WhiteElo "2573"]
[BlackElo "2429"]
[Annotator "TA"]
[PlyCount "81"]
[EventDate "2020.01.09"]
[EventType "swiss"]
[EventCountry "IND"]
[SourceTitle "playchess.com"]
[Source "ChessBase"]
[SourceQuality "1"]

{[%evp 18,81,16,49,37,30,25,19,16,12,31,31,36,31,38,18,42,16,39,39,50,50,41,52,49,45,98,98,120,96,520,518,493,246,236,225,247,239,240,203,195,199,200,208,208,200,183,191,195,187,231,228,383,375,402,414,527,419,711,707,743,725,29984,29985,29985,29986]} 1. d4 Nf6 2. Nf3 g6 3. g3 Bg7 4. Bg2 O-O 5. O-O d6 6. c4 Nc6 7. Nc3 e5 8. dxe5 dxe5 9. Bg5 Be6 10. Nd2 Qc8 {E62: King's Indian: Fianchetto: 6...c6 and Panno Variation (6...Nc6) without ...a6} 11. Nd5 Nd7 12. b4 h6 {The position is equal.} 13. Be3 Re8 14. Nb3 f5 15. Rc1 Nd8 16. Qd2 Kh7 {[#]} 17. b5 $146 ({Predecessor:} 17. Rfd1 c6 {½-½ (32) Adly,A (2595)-Libiszewski,F (2543) Menton 2016}) 17... c6 18. Rfd1 Qb8 19. Nb4 {[%cal Rb5c6]} e4 20. Bd4 Ne5 21. f3 Bf7 (21... Qc7 $14) 22. fxe4 $16 fxe4 23. Bxe4 Nxc4 $2 {[%mdl 8192] [#]} (23... cxb5 $16 {is a better chance.} 24. cxb5 Ne6) 24. Rxc4 $1 $18 {[%mdl 512]} Qd6 (24... Bxc4 25. Bxg6+) 25. Bd3 (25. Qc1 $142 {Threatens to win with Bxg7.} Rxe4 26. Bxg7 {[%mdl 64] Discovered Attack} Qxd1+ 27. Qxd1 Rxc4 28. Bf6) 25... Bxc4 26. Bxc4 cxb5 27. Bxb5 $40 {[%mdl 128] Black is in trouble.} Re4 28. Bxg7 Qxd2 29. Rxd2 ({Not} 29. Nxd2 Rxb4 30. Bc3 Rxb5 $11) 29... Rxb4 30. Bf6 {[#] White threatens Rd7+ and mate.} Rxb5 31. Rd7+ ({Don't take} 31. Rxd8 $6 Rxd8 32. Bxd8 Rb4 $16) 31... Kg8 32. Bxd8 Rf5 33. Nd4 Rf7 34. Rd6 Kh7 $2 (34... Rf8) 35. e4 Rc8 36. e5 Rc1+ 37. Kg2 Ra1 (37... Rcf1 $142 38. e6 R7f2+ 39. Kh3 Re1) 38. e6 Rxa2+ 39. Kh3 Rff2 40. e7 h5 41. Kh4 {Accuracy: White = 78%, Black = 53%.} 1-0

[Event "18th Delhi GM Open 2020"]
[Site "Delhi"]
[Date "2020.01.12"]
[Round "6.7"]
[White "Rahman, Ziaur"]
[Black "Fedorov, Alexei"]
[Result "0-1"]
[WhiteElo "2434"]
[BlackElo "2562"]
[Annotator "TA"]
[PlyCount "92"]
[EventDate "2020.01.09"]
[EventType "swiss"]
[EventCountry "IND"]
[SourceTitle "playchess.com"]
[Source "ChessBase"]
[SourceQuality "1"]

{[%evp 9,92,9,16,12,14,18,22,18,24,-20,-15,-19,-16,-18,-8,-14,-23,-18,37,25,41,41,41,0,41,-14,2,-33,13,0,39,39,39,39,39,31,38,39,39,30,41,44,79,65,65,64,52,72,128,73,122,12,20,0,0,-21,0,0,9,-75,-75,-73,-20,-62,-61,-140,-146,-170,-100,-95,-87,-183,-182,-239,0,-17,0,-63,-63,-209,-200,-123,-17,-29979,-29980]} 1. d4 Nf6 2. Bg5 d6 3. Bxf6 exf6 4. e3 f5 5. g3 g6 6. Bg2 {A45: Trompowsky Attack} Nd7 (6... h5 7. Nf3 Nd7 8. c4 Nf6 9. Nc3 Bh6 10. O-O O-O 11. b4 c6 12. a4 a5 {1-0 (39) Jobava,B (2690)-Safarli,E (2639) Riadh 2017}) 7. Ne2 Nf6 8. c4 {The position is equal.} h5 9. Nbc3 h4 $146 ({Predecessor:} 9... c6 10. b4 h4 11. b5 Bd7 12. O-O Ng4 {½-½ (71) Kosic,D (2508)-Kislik,E (2336) Kecskemet 2010}) 10. Nf4 c6 11. Qc2 Bh6 12. O-O-O Bd7 13. Kb1 a6 (13... Qc7 $11) 14. Nd3 Kf8 15. c5 d5 16. Ne5 Be6 17. f4 (17. Rdg1 $14) 17... Bg7 18. Bf3 Nd7 19. Rhg1 Bxe5 20. fxe5 hxg3 21. hxg3 Qg5 22. Qf2 Ke7 23. Ne2 f6 24. exf6+ Qxf6 25. Qe1 g5 26. Qa5 Rac8 27. Ka1 Rh2 28. Nc3 Qh6 (28... Rf2 $142 29. Rdf1 Rxf1+ 30. Rxf1 Qf8) 29. Qb4 (29. Bg2 $142) 29... Rc7 30. Rde1 ({White has to play} 30. g4 $1 $16 {[%cal Rg4f5]} fxg4 31. Bxg4 Bxg4 32. Rxg4) 30... Nf6 $11 31. Qb6 Rd7 32. Qa7 Kf7 33. Bd1 Qh3 34. Qb8 {[#]} (34. g4 $11 {remains equal.}) 34... Qh8 $1 $36 {[%cal Rh8b8][%mdl 2048] Black is really pushing.} 35. Qa7 Kg6 (35... Qd8 $17) 36. a3 Qd8 37. Bb3 (37. Na2 $15) 37... Rdh7 38. Ba2 Rf2 (38... Ne4 $19 39. Nxe4 fxe4) 39. Bb1 Ne4 {Threatens to win with ...Nxc3.} 40. Nd1 (40. Re2 $17) 40... Rf3 $19 41. g4 (41. Bd3 $142) 41... Kf6 $2 (41... fxg4 $19 {White must now prevent ...Bf5.} 42. Nc3 Bf5 43. Nxe4 dxe4) 42. gxf5 $1 $11 Bxf5 43. Bxe4 ({Better is} 43. Rg2 $11) 43... Bxe4 $15 44. Nc3 {[#]} (44. Rg2 $15) 44... Bf5 $1 $19 45. e4 dxe4 (45... Bxe4 $1 $17 46. Nxe4+ dxe4 47. Rxe4 Qd5) 46. Rxe4 $2 {[%mdl 8192]} (46. Nxe4+ $11 Bxe4 47. Rxe4) 46... Rxc3 {Accuracy: White = 39%, Black = 47%.} 0-1